000 00788nam a2200217Ii 4500
003 JO-AjNU
008 230605s9999||||xx |||||||||||||| ||und||
020 _a978-977-308-659-6
040 _aJO-AjNU
_bara
_erda
_cJO-AjNU
041 _aara
050 1 4 _aDS38.5.A5734 2021
100 3 _aالأنصاري، احمد توفيق محمد,
_eauthor
_961834
245 0 0 _aتاريخ نهاية الدولة الأموية
264 3 1 _aدسوق: دار العلم والايمان؛ الجزائر: دار الجديد للنشر والتوزيع،2021
300 _a264ص
336 _atext
_btxt
_2rdacontent
337 _aunmediated
_bn
_2rdamedia
338 _avolume
_bnc
_2rdacarrier
490 0 _aسلسلة كنوز الحضارة
650 4 _aالحضارة- تاريخ
_961835
999 _aA27970
_c31538
_d31538